Statistics for American TV Dads

Click here to take the quiz!

General Stats

  • This quiz has been taken 7,440 times
  • The average score is 10 of 20

Answer Stats

TV ShowDad% Correct
The SimpsonsHomer Simpson
96%
The FlintstonesFred Flintstone
89%
The SmurfsPapa Smurf
72%
Married...With ChildrenAl Bundy
68%
Home ImprovementTim Taylor
68%
The Cosby ShowHeathcliff Huxtable
63%
RoseanneDan Conner
58%
The Addams FamilyGomez Addams
58%
The Fresh Prince of Bel-AirPhilip Banks
55%
Breaking BadWalter White
55%
The Brady BunchMike Brady
50%
King of the HillHank Hill
49%
The JeffersonsGeorge Jefferson
48%
All in the FamilyArchie Bunker
47%
The MunstersHerman Munster
41%
Leave It to BeaverWard Cleaver
36%
FrasierMartin Crane
26%
Malcolm in the MiddleHal Wilkerson
25%
The King of QueensArthur Spooner
21%
The O.C.Sandy Cohen
13%

Score Distribution

Percentile by Number Answered

Percent of People with Each Score

Your Score History

You have not taken this quiz